Statistics for Picture Quiz: Rock & Pop Singers 1960's & 1970's

Click here to take the quiz!

General Stats

  • This quiz has been taken 263 times
  • The average score is 10 of 20

Answer Stats

Answer% Correct
Mick Jagger
94%
Diana Ross
80%
Paul Simon
74%
Mama Cass (Cass Elliot)
73%
Cat Stevens
69%
Dusty Springfield
65%
Marvin Gaye
57%
Iggy Pop
54%
Neil Young
53%
Bryan Ferry
47%
Jim Croce
43%
Donovan
41%
Grace Slick
40%
Marc Bolan
40%
Ray Davies
39%
Leonard Cohen
38%
Peter Noone
35%
Bill Withers
26%
Eric Burdon
22%
Nico
18%

Score Distribution

Percentile by Number Answered

Percent of People with Each Score

Your Score History

You have not taken this quiz